[Event "Titled Tuesday intern op 08th Aug Early"]
[Site "Chess.com INT"]
[Date "2023.08.08"]
[Round "9"]
[White "Fominykh, Maria"]
[Black "Willy, Stephen"]
[Result "1/2-1/2"]
[WhiteElo "2186"]
[BlackElo "2072"]
[PlyCount "136"]
[EventDate "2023.08.08"]
[EventType "swiss (blitz)"]
[EventRounds "11"]
[EventCountry "USA"]
[SourceTitle "EXT 2024"]
[Source "ChessBase"]
[SourceDate "2023.10.10"]
[SourceVersion "1"]
[SourceVersionDate "2023.10.10"]
[SourceQuality "1"]

1. d4 d5 2. c4 g6 3. cxd5 Nf6 4. Nf3 Bg7 5. g3 Nxd5 6. Bg2 0-0 7. 0-0 Nc6 8. e4 Nb6 9. d5 Ne5 10. Nxe5 Bxe5 11. Nc3 a5 12. Bh6 Bg7 13. Bxg7 Kxg7 14. Qd4+ f6 15. Rfd1 e5 16. dxe6 Qxd4 17. Rxd4 Bxe6 18. Nb5 Rad8 19. Nxc7 Bf7 20. Nd5 Nd7 21. Rc1 Rc8 22. Rdc4 Rxc4 23. Rxc4 Rd8 24. Rc7 b5 25. a3 Ne5 26. b4 axb4 27. axb4 Kf8 28. f4 Nc4 29. Kf2 f5 30. Rc5 fxe4 31. Bxe4 Nd6 32. Bg2 Ra8 33. Nc7 Ra2+ 34. Kg1 Ra1+ 35. Kf2 Ra2+ 36. Kg1 Bc4 37. Bd5 Ra1+ 38. Kg2 Nf5 39. Bxc4 bxc4 40. Ne6+ Ke7 41. Nd4 Nxd4 42. Rxc4 Ne6 43. b5 Kd6 44. Rc6+ Kd7 45. Rc2 Rb1 46. Rd2+ Ke7 47. Ra2 h5 48. Ra7+ Kf6 49. Rb7 Kf5 50. h3 Ke4 51. Re7 Kd5 52. Rd7+ Kc5 53. Re7 Nd4 54. Re5+ Kc4 55. g4 h4 56. f5 Rb2+ 57. Kf1 gxf5 58. gxf5 Rxb5 59. Rxb5 Kxb5 60. f6 Kc5 61. f7 Ne6 62. Kf2 Kd6 63. Kf3 Ke7 64. Kg4 Kxf7 65. Kxh4 Kf6 66. Kg4 Ng7 67. h4 Kg6 68. h5+ Nxh5 1/2-1/2

[Event "Titled Tuesday intern op 08th Aug Early"]
[Site "Chess.com INT"]
[Date "2023.08.08"]
[Round "3"]
[White "Tikhonov, Viacheslav"]
[Black "Fominykh, Maria"]
[Result "1-0"]
[WhiteElo "2201"]
[BlackElo "2186"]
[PlyCount "71"]
[EventDate "2023.08.08"]
[EventType "swiss (blitz)"]
[EventRounds "11"]
[EventCountry "USA"]
[SourceTitle "EXT 2024"]
[Source "ChessBase"]
[SourceDate "2023.10.10"]
[SourceVersion "1"]
[SourceVersionDate "2023.10.10"]
[SourceQuality "1"]

1. d4 Nf6 2. c4 g6 3. Nc3 Bg7 4. e4 d6 5. Be2 0-0 6. h4 e5 7. d5 h5 8. Bg5 Na6 9. Nf3 Qe8 10. Nd2 c6 11. a3 cxd5 12. cxd5 Bd7 13. b4 Rc8 14. Rc1 Nc7 15. 0-0 Nb5 16. Nxb5 Rxc1 17. Qxc1 Bxb5 18. Bxb5 Qxb5 19. Qc3 Qe2 20. f3 Nh7 21. Qe3 Qa6 22. Rc1 f6 23. Bh6 Rf7 24. Rc8+ Nf8 25. Bxg7 Kxg7 26. Kf2 b6 27. Qc3 f5 28. Ke3 f4+ 29. Kf2 Qb7 30. Qc6 Qe7 31. Ke2 Qxh4 32. Qxd6 Qh2 33. Qxe5+ Kh7 34. Kf2 Qh4+ 35. Kg1 Qe1+ 36. Nf1 1-0

[Event "Titled Tuesday intern op 11th Jul Late"]
[Site "Chess.com INT"]
[Date "2023.07.11"]
[Round "9"]
[White "Balla, Tamas Kristof"]
[Black "Fominykh, Maria"]
[Result "1-0"]
[WhiteElo "2303"]
[BlackElo "2186"]
[PlyCount "149"]
[EventDate "2023.07.11"]
[EventType "swiss (blitz)"]
[EventRounds "11"]
[EventCountry "USA"]
[SourceTitle "EXT 2024"]
[Source "ChessBase"]
[SourceDate "2023.10.10"]
[SourceVersion "1"]
[SourceVersionDate "2023.10.10"]
[SourceQuality "1"]

1. e4 e6 2. d4 d5 3. Nd2 c5 4. exd5 Qxd5 5. Ngf3 cxd4 6. Bc4 Qd8 7. 0-0 Nc6 8. Nb3 Nf6 9. Nbxd4 Nxd4 10. Nxd4 Qc7 11. Bb3 a6 12. Re1 Be7 13. Qf3 0-0 14. c3 Bd7 15. Bg5 b5 16. Bc2 h6 17. Bf4 Qc5 18. Rad1 Rad8 19. Qd3 Bc8 20. Be5 g6 21. Qg3 Kh7 22. h3 Nh5 23. Qf3 f5 24. Bh2 Ng7 25. Re5 Qb6 26. Rde1 Bf6 27. R5e2 Bxd4 28. cxd4 Qxd4 29. Be5 Qd5 30. Qc3 Rf7 31. Bb3 Qd3 32. Qa5 Rd5 33. Bxd5 Qxd5 34. Qc3 Bb7 35. f3 Nh5 36. Bh2 Qxa2 37. Rxe6 Ng7 38. Re7 Qd5 39. Rxf7 Qxf7 40. Qc7 Qxc7 41. Bxc7 Kg8 42. Re7 Bd5 43. Be5 Ne6 44. Ra7 Nc5 45. Rg7+ Kf8 46. Rxg6 Nd3 47. Bc3 h5 48. Rg5 Be6 49. Rxh5 Nf4 50. Rh6 a5 51. Rf6+ Ke7 52. Rh6 b4 53. Be5 Ne2+ 54. Kh2 a4 55. Rh7+ Ke8 56. Bd6 Bf7 57. Bxb4 Nd4 58. Rh8+ Kd7 59. Bc3 Ne6 60. Rh7 Ke8 61. Rh4 f4 62. Rh6 Kd7 63. Rf6 Ke8 64. Rh6 Ng5 65. Rh8+ Kd7 66. Ra8 Bb3 67. Rb8 Kc6 68. Rh8 Ne6 69. h4 Kd5 70. h5 Kc4 71. h6 a3 72. Ra8 a2 73. h7 Nc7 74. Ra7 Nb5 75. Ra5 1-0

[Event "Titled Tuesday intern op 11th Jul Late"]
[Site "Chess.com INT"]
[Date "2023.07.11"]
[Round "6"]
[White "Fominykh, Maria"]
[Black "Filgueiras, Nathan Felipe"]
[Result "1-0"]
[WhiteElo "2186"]
[BlackElo "2323"]
[PlyCount "54"]
[EventDate "2023.07.11"]
[EventType "swiss (blitz)"]
[EventRounds "11"]
[EventCountry "USA"]
[SourceTitle "EXT 2024"]
[Source "ChessBase"]
[SourceDate "2023.10.10"]
[SourceVersion "1"]
[SourceVersionDate "2023.10.10"]
[SourceQuality "1"]

1. d4 Nf6 2. c4 e6 3. g3 d5 4. Nf3 Be7 5. Bg2 0-0 6. Qc2 a5 7. 0-0 c6 8. Rd1 b6 9. b3 Bb7 10. Nc3 Nbd7 11. e4 dxe4 12. Nxe4 Nxe4 13. Qxe4 Rc8 14. Bf4 Nf6 15. Qe2 Bd6 16. Ne5 Qc7 17. c5 bxc5 18. dxc5 Bxe5 19. Bxe5 Qe7 20. Bd6 Qe8 21. Bxf8 Qxf8 22. Qd2 Qxc5 23. Rac1 Qb5 24. Qd8+ Ne8 25. Qe7 h6 26. Rd7 Qf5 27. Rxb7 Nf6 1-0

[Event "Titled Tuesday intern op 11th Jul Late"]
[Site "Chess.com INT"]
[Date "2023.07.11"]
[Round "3"]
[White "Fominykh, Maria"]
[Black "Mei, Austin"]
[Result "0-1"]
[WhiteElo "2186"]
[BlackElo "2274"]
[PlyCount "116"]
[EventDate "2023.07.11"]
[EventType "swiss (blitz)"]
[EventRounds "11"]
[EventCountry "USA"]
[SourceTitle "EXT 2024"]
[Source "ChessBase"]
[SourceDate "2023.10.10"]
[SourceVersion "1"]
[SourceVersionDate "2023.10.10"]
[SourceQuality "1"]

1. d4 f5 2. Bg5 h6 3. Bh4 g5 4. Bg3 Nf6 5. e3 Bg7 6. c4 d6 7. Nc3 Nc6 8. h4 g4 9. Nge2 e5 10. dxe5 dxe5 11. Qxd8+ Kxd8 12. 0-0-0+ Bd7 13. h5 Ke8 14. Nb5 Rc8 15. Nec3 a6 16. Na3 Rd8 17. c5 Be6 18. Bc4 Ke7 19. Bh4 Kf7 20. Bxe6+ Kxe6 21. Rxd8 Rxd8 22. Nc4 Rd7 23. Bg3 Nd5 24. Na4 Ndb4 25. a3 Nd3+ 26. Kc2 f4 27. Bh4 e4 28. exf4 Nxf4 29. g3 Nd4+ 30. Kb1 Nd3 31. Nc3 Kf5 32. Rf1 Nf3 33. Ne3+ Ke5 34. Rd1 Nh2 35. Rh1 Nf3 36. Nxg4+ Kf5 37. Ne3+ Ke6 38. Rd1 Bxc3 39. bxc3 Nxf2 40. Rxd7 Kxd7 41. Nf5 Ng4 42. Kc2 Ke6 43. Nd4+ Nxd4+ 44. cxd4 Kd5 45. Kc3 Ne3 46. Bd8 c6 47. Bc7 Nf5 48. Bf4 Nxd4 49. Bxh6 Ne2+ 50. Kd2 Nxg3 51. Be3 Nxh5 52. Kc3 Ng3 53. Kb4 Nf5 54. Bg1 e3 55. Kc3 Ke4 56. Bh2 e2 57. Kd2 Kf3 58. Ke1 Nd4 0-1

[Event "Moscow Blondes-Brunettes m 12th"]
[Site "Moscow"]
[Date "2023.04.02"]
[Round "8.1"]
[White "Fominykh, Maria"]
[Black "Charochkina, Daria"]
[Result "1/2-1/2"]
[WhiteElo "2186"]
[BlackElo "2340"]
[PlyCount "54"]
[EventDate "2023.04.02"]
[EventType "schev (blitz)"]
[EventRounds "9"]
[EventCountry "RUS"]
[SourceTitle "CBM 213 Extra"]
[Source "ChessBase"]
[SourceDate "2023.05.31"]
[SourceVersion "1"]
[SourceVersionDate "2023.05.31"]
[SourceQuality "1"]
[WhiteTeam "Blondes"]
[BlackTeam "Brunettes"]
[WhiteTeamCountry "RUS"]
[BlackTeamCountry "RUS"]

1. d4 d5 2. c4 e6 3. Nc3 a6 4. cxd5 exd5 5. Nf3 Nf6 6. Bg5 Be6 7. e3 Nbd7 8. Bd3 Bd6 9. h3 c6 10. Qc2 h6 11. Bf4 Qc7 12. Bxd6 Qxd6 13. 0-0 0-0 14. b4 a5 15. b5 c5 16. dxc5 Nxc5 17. Nd4 Rac8 18. Qd2 Nfd7 19. Nf5 Qe5 20. Ne7+ Kh8 21. Nxc8 Rxc8 22. Rac1 Nxd3 23. Qxd3 Nc5 24. Qd4 Qxd4 25. exd4 Nd3 26. Rc2 Nb4 27. Rcc1 Nd3 1/2-1/2